000 00675nam a22002177a 4500
003 UA-OsUOA
001 70061
007 ta
008 20100714b un ||||| |||| 00| 0 ukr d
100 _aЛевандівський О.Т.
090 _a657
_bЛ34
942 _cSA
040 _aUA-OsUOA
_bukr
_cUA-OsUOA
_dUA-OsUOA
245 _aМеханізм формування екологічного аудиту в Україні
300 _aС.71-75
955 _a0
041 _aukr
080 _a657
773 0 _w70058
_tЕкономіка АПК
_dК.
_d2010
_g7
650 7 _a657 Бухгалтерія. Бухгалтерський облік. Рахівництво
_2UDC
999 _c356278
_d356278